<?xml version="1.0" encoding="UTF-8"?>
<record
    xmlns:xsi="http://www.w3.org/2001/XMLSchema-instance"
    xsi:schemaLocation="http://www.loc.gov/MARC21/slim http://www.loc.gov/standards/marcxml/schema/MARC21slim.xsd"
    xmlns="http://www.loc.gov/MARC21/slim">

  <leader>01511nam a22002177a 4500</leader>
  <controlfield tag="005">20230313141546.0</controlfield>
  <controlfield tag="008">230302b           ||||| |||| 00| 0 eng d</controlfield>
  <datafield tag="020" ind1=" " ind2=" ">
    <subfield code="a">9780387483436</subfield>
  </datafield>
  <datafield tag="040" ind1=" " ind2=" ">
    <subfield code="c">AL</subfield>
  </datafield>
  <datafield tag="041" ind1=" " ind2=" ">
    <subfield code="a">eng</subfield>
  </datafield>
  <datafield tag="082" ind1=" " ind2=" ">
    <subfield code="2">23</subfield>
    <subfield code="a">338.476606</subfield>
    <subfield code="b">PATH</subfield>
  </datafield>
  <datafield tag="100" ind1=" " ind2=" ">
    <subfield code="a">Holger Patzelt</subfield>
    <subfield code="9">73851</subfield>
  </datafield>
  <datafield tag="245" ind1=" " ind2=" ">
    <subfield code="a">Handbook of Bioentrepreneurship</subfield>
  </datafield>
  <datafield tag="260" ind1=" " ind2=" ">
    <subfield code="a">USA</subfield>
    <subfield code="b">Springer</subfield>
    <subfield code="c">2008</subfield>
  </datafield>
  <datafield tag="300" ind1=" " ind2=" ">
    <subfield code="a">xiii,294p.</subfield>
    <subfield code="b">HB</subfield>
    <subfield code="c">23x14cm.</subfield>
  </datafield>
  <datafield tag="365" ind1=" " ind2=" ">
    <subfield code="2">General</subfield>
    <subfield code="a">Kavery Books</subfield>
    <subfield code="b">&#x20B9;13814.00</subfield>
    <subfield code="c">&#x20B9;</subfield>
    <subfield code="d">&#x20B9;18419.00</subfield>
    <subfield code="e">25%</subfield>
    <subfield code="f">20/02/2023</subfield>
  </datafield>
  <datafield tag="520" ind1=" " ind2=" ">
    <subfield code="a">Providing an important and timely overview of research on the exciting area of entrepreneurship in biotechnology, The Handbook of Bioentrepreneurship examines one of the most promising industries of the 21st century. While genetically engineered food and biopharmaceuticals have made biotechnology part of our everyday life, starting a bioventure is among the most complex and risky entrepreneurial tasks given long development cycles, high technological and market uncertainty, and high capital intensity. Providing unparalleled in-depth and detailed analysis, this Handbook sheds light on business models and strategies, financing, cooperation networks between firms and universities, among other issues. With new developments in biotechnology increasingly in the news, this is an important source for readers interested in public policy, entrepreneurship, and business in the 21st century.</subfield>
  </datafield>
  <datafield tag="650" ind1=" " ind2=" ">
    <subfield code="2">Production</subfield>
    <subfield code="a">Production</subfield>
    <subfield code="9">75212</subfield>
  </datafield>
  <datafield tag="700" ind1=" " ind2=" ">
    <subfield code="a">Brenner Thomas</subfield>
    <subfield code="9">73852</subfield>
  </datafield>
  <datafield tag="942" ind1=" " ind2=" ">
    <subfield code="2">ddc</subfield>
    <subfield code="c">BK</subfield>
  </datafield>
  <datafield tag="999" ind1=" " ind2=" ">
    <subfield code="c">226868</subfield>
    <subfield code="d">226868</subfield>
  </datafield>
  <datafield tag="952" ind1=" " ind2=" ">
    <subfield code="0">0</subfield>
    <subfield code="1">0</subfield>
    <subfield code="2">ddc</subfield>
    <subfield code="4">0</subfield>
    <subfield code="7">1</subfield>
    <subfield code="8">BT</subfield>
    <subfield code="a">SACPG</subfield>
    <subfield code="b">SACPG</subfield>
    <subfield code="d">2023-02-28</subfield>
    <subfield code="e">Kavery Books</subfield>
    <subfield code="g">13814.00</subfield>
    <subfield code="l">0</subfield>
    <subfield code="o">338.476606 PATH</subfield>
    <subfield code="p">PG024231</subfield>
    <subfield code="r">2023-03-02 00:00:00</subfield>
    <subfield code="v">18419.00</subfield>
    <subfield code="w">2023-02-20</subfield>
    <subfield code="y">BK</subfield>
  </datafield>
</record>
